| LEADER |
00812nam0a2200205 450 |
| 001 |
16866784 |
| 010 |
|
|
|a 2-87142-312-1
|b Cart.
|d 5,18
|
| 100 |
|
|
|a 20011005d2001 u u0frey01 ba
|
| 101 |
1 |
|
|a fre
|c fre
|
| 102 |
|
|
|a BE
|
| 200 |
0 |
|
|a 3 souris peintres
|f Ellen Stoll Walsh
|
| 207 |
|
1 |
|a
|
| 210 |
|
|
|a Namur (Belgique)
|b 16, rue de l'ouvrage.
|c Mijade
|d 2001
|
| 215 |
|
|
|a n.p.
|c ill. en coul.
|d 16 x 19 cm
|
| 300 |
|
|
|a Coup de coeur
|
| 330 |
|
|
|a Aborde le thème de la couleur. Il était une fois 3 petites souris blanches sur du papier blanc, bien sûr le chat ne les voyait pas. Un jour elles découvrent 3 jolis pots de peinture !
|
| 700 |
|
0 |
|a Walsh
|b Ellen Stoll
|4 70
|
| 900 |
|
|
|a Album
|
| 901 |
|
|
|a Jeunesse
|
| 995 |
|
|
|a Médiathèque
|c Médiathèque
|f 00156004824256
|h 00156004824256
|k A WAL
|o p
|q j
|r az
|e Médiathèque
|